An introduction to sports tourism and event management (Record no. 202949)

MARC details
000 -LEADER
fixed length control field 00321nam a2200097Ia 4500
082 ## - DEWEY DECIMAL CLASSIFICATION NUMBER
Classification number 790.18|SAAY
008 - FIXED-LENGTH DATA ELEMENTS--GENERAL INFORMATION
fixed length control field 210817s9999 xx 000 0 und d
100 ## - MAIN ENTRY--PERSONAL NAME
Personal name Saayman, M. [Matieland, South Africa?], [c.2012] 1st ed
9 (RLIN) 47621
245 #0 - TITLE STATEMENT
Title An introduction to sports tourism and event management
942 ## - ADDED ENTRY ELEMENTS
item type Books
Holdings
Withdrawn status Lost status Damaged status Not for loan Home library Current library Date acquired Cost, normal purchase price Total Checkouts Barcode Date last seen Price effective from item type
        Emthonjeni PL (MMID-PLEMA-EMTH) Emthonjeni PL (MMID-PLEMA-EMTH) 18.08.2021 447.00   3322810090049 18.08.2021 18.08.2021 Books